000
00311nam a22001337a 4500
020
_a
07-072740-6
082
_a
621.381 ZBA'I
100
_a
ZBAR, PAUL B
_9
74617
245
_a
INDUSTRIAL ELCETRONICS A TEXT LAB MANUAL
250
_a
2ND
260
_a
NEWYORK
_b
MCGRAW HILL
_c
1972
300
_a
264P
942
_c
BK
999
_c
582257
_d
582257